000 00954nam a2200301Ia 4500
003 OSt
005 20221007122605.0
006 a|||||r|||| 00| 0
007 ta
008 221006b |||||||| |||| 00| 0 eng d
020 _a9781420073782 (hbd)
024 _a113761
037 _b450, 12/10/2010, Aviva Books Company
_cTextbook
040 _aPAPL
_cPAPL
_beng
041 _2eng
_aeng
082 _aCN2, Q0 Carpa
100 _aZuckerman Daniel M
_9714625
245 0 _aStatistical physics of biomolecules:an introduction
260 _aBoca
_bRaton CRC Press
_c2010
300 _axxi, 334p.
_ccm.
500 _aIncludes bibliographical references.; Index 325-334p.
650 _a Biomolecules
650 _a Biophysics
650 _a Statistical physics
_9713592
650 _aPhysics
942 _hCN2, Q0 Carpa
_cTB
_2CC
999 _c1210624
_d1210624